Countries with the most repeated letters A-Z - Statistics

General Stats
  • This quiz has been taken 35 times
  • The average score is 19 of 26
Answer Stats
Letter # Country % Correct
H 1 Afghanistan | Bahamas | Bahrain | Bangladesh | Bhutan | Bosnia and Herzegovina | Chad | Chile | China | Czech Republic | Democratic Republic of the Congo | Ethiopia | Ghana | Haiti | Honduras | Hungary | Kazakhstan | Lesotho | Liechtenstein | Lithuania | Marshall Islands | Netherlands | North Korea | North Macedonia | Philippines | Republic of the Congo | Saint Vincent and the Grenadines | Seychelles | South Africa | South Korea | South Sudan | Thailand
100%
Z 1 Azerbaijan | Belize | Bosnia and Herzegovina | Brazil | Czech Republic | Kazakhstan | Kyrgyzstan | Mozambique | New Zealand | Switzerland | Tanzania | Uzbekistan | Venezuela | Zambia | Zimbabwe
97%
J 1 Azerbaijan | Djibouti | Fiji | Jamaica | Japan | Jordan | Tajikistan
97%
Q 1 Equatorial Guinea | Iraq | Mozambique | Qatar
97%
V 1 Bolivia | Bosnia and Herzegovina | Cape Verde | El Salvador | Ivory Coast | Kosovo | Latvia | Maldives | Moldova | Saint Kitts and Nevis | Saint Vincent and the Grenadines | Slovakia | Slovenia | Tuvalu | Vanuatu | Vatican City | Venezuela | Vietnam
94%
W 1 Botswana | Eswatini | Kuwait | Malawi | New Zealand | Norway | Papua New Guinea | Rwanda | Sweden | Switzerland | Taiwan | Zimbabwe
94%
I 3 Dominican Republic | Kiribati | Philippines | Saint Kitts and Nevis | Saint Vincent and the Grenadines
94%
T 3 Federated States of Micronesia | Saint Kitts and Nevis | Saint Vincent and the Grenadines | United States
88%
C 4 Democratic Republic of the Congo
82%
O 4 Democratic Republic of the Congo
82%
S 3 Federated States of Micronesia | Marshall Islands | Saint Kitts and Nevis | Solomon Islands
79%
Y 2 Kyrgyzstan
79%
X 1 Luxembourg | Mexico
79%
P 3 Philippines
79%
B 2 Antigua and Barbuda | Barbados | Zimbabwe
76%
K 2 Kazakhstan
76%
E 5 Federated States of Micronesia
61%
F 2 Federated States of Micronesia
61%
M 2 Mozambique | Myanmar
58%
N 6 Saint Vincent and the Grenadines
58%
U 3 Uruguay
58%
A 5 Antigua and Barbuda
55%
R 3 Central African Republic
48%
L 3 Marshall Islands
45%
G 2 Georgia
42%
D 3 Trinidad and Tobago
36%
No matching quizzes found
Score Distribution
Percent of People with Each Score
Percentile by Number Answered
Your Score History
You have not taken this quiz